|
|
|
|
| LEADER |
01595nam a22003137a 4500 |
| 001 |
33296 |
| 003 |
BD-DhAAL |
| 005 |
20250624112331.0 |
| 008 |
180716t2005 bg a|||| |||| 00| 0 ben d |
| 020 |
|
|
|a 8123727208
|
| 040 |
|
|
|a BD-DhAAL
|
| 041 |
|
|
|a ben
|h eng
|
| 082 |
|
|
|a 598
|2 23
|
| 100 |
|
|
|a আলি, সেলিম.
|9 27383
|
| 245 |
|
|
|a সাধারন পাখি /
|c সেলিম আলি ও লাইক ফতেহ আলি ; অনুবাদ নন্দিতা মুখোপাধ্যায়.
|
| 246 |
|
|
|a Shadharan pakhi (Common birds)
|
| 260 |
|
|
|a নিউ দিল্লী :
|b ন্যাশনাল বুক ট্রাস্ট,
|c ২০০৫ [পঞ্চম মুদ্রণ ].
|
| 300 |
|
|
|a ২২১ পৃষ্ঠা :
|b চিত্র ;
|c ২১ সে. মি.
|
| 490 |
|
|
|a ভারত-দেশ ও দেশবাসী
|
| 500 |
|
|
|a প্রথম প্রকাশ ১৯৭৫.
|
| 526 |
|
|
|a ARC
|
| 541 |
|
|
|a Department of Architecture
|e 33296
|
| 650 |
|
|
|a Birds.
|9 27384
|
| 700 |
|
|
|a আলি, লাইক ফতেহ.
|9 27388
|
| 700 |
|
|
|a মুখোপাধ্যায়, নন্দিতা.
|9 27389
|
| 852 |
|
|
|a Department of Architecture
|c General Stacks
|
| 942 |
|
|
|2 ddc
|c BK
|
| 999 |
|
|
|c 39794
|d 39794
|
| 952 |
|
|
|0 0
|1 1
|2 ddc
|4 0
|6 598_000000000000000_ALI
|7 0
|9 63825
|a ARC
|b ARC
|c GEN
|d 2018-07-16
|e Department of Architecture
|l 0
|o 598 ALI
|p 3010033296
|r 2018-07-16
|t 1
|w 2018-07-16
|y BK
|x lost from the ARC department library and approved by the Dean (reasons personal books withdrawn by Hasibul Kabir Sir and Building shifting)
|